| 000 | 00876nam a2200229 a 4500 | ||
|---|---|---|---|
| 003 | 0 | ||
| 005 | 20250311075853.0 | ||
| 008 | 080730s19uu xx 00 eng d | ||
| 050 |
_aPGS LB 1044.87 _b.P113 2008 |
||
| 100 | _aPabilona, Bianca Alyssa G. | ||
| 245 |
_aPerception on watching discovery and knowledge channel and surfing of the websites. _cBianca Alyssa G. Pabilona. |
||
| 260 |
_aLas PiƱas City, Philippines : _bSouthville International School and Colleges, _c2008. |
||
| 300 |
_a48 pages : _billustrations ; _c28 cm. |
||
| 504 | _aIncludes bibliographical references. | ||
| 650 | _aEducational television. | ||
| 650 | _aInternet in education. | ||
| 650 | _aScience television programs. | ||
| 650 | _aTelevision and children. | ||
| 650 |
_aWeb browsing _vEducational aspects. |
||
| 650 |
_aLearning _vTechnological innovations. |
||
| 942 |
_2lcc _cPASS |
||
| 999 |
_c97980 _d97980 |
||